Quizzes
Events
Quiz Creation
Community
Videos
Private Events
Remove Ads
Sign In
Join for FREE
Feedback
Dark Mode
Quiz Categories
Sports
Geography
Music
Movies
Television
Just For Fun
Miscellaneous
History
Literature
Language
Science
Gaming
Entertainment
Religion
Holiday
For Kids
Quiz Lab
Recent
Popular Today
Quiz Kudos Today
Editor Picks
Curator Picks
Quizzes by...
Day
Popularity
Type
Ratings
Length
Year
Community
Subscriptions
Recent Discussions
Orange Saloon
Badges
Playlists
Quests
Create
Leaderboards
Showdown
Live 5
Trivia Bingo
Activity
Puzzle Library
Sporcle Events
Private Events
Virtual Trivia
Globe League
Become a Host
Pub Owners
SporcleCon
Opinionation
Our Games
Videos
Blog
Mobile Apps
Partnerships
Remove Ads and Go Orange
Feedback
Geography
Country
Landmarks
City
State
Population
World
Capital
Continent
Flags
Europe
Africa
Asia
South America
North America
Oceania
Border
Canada
United Kingdom
Topography
United States
Geography
Country
Landmarks
City
State
Population
World
Capital
Continent
Flags
Europe
Africa
Asia
South America
North America
Oceania
Border
Canada
United Kingdom
Topography
United States
Random Quiz
Search Sporcle
×
Quiz Lab
Quiz Lab
Geography
Northern
Type in answers that appear in a list
Type in answers that appear in a list
Classic
Best Score? Go Orange.
The Most Northern... Stats
Can you name the the most northern places from these categories?
By
jonesjeffum
5m
20 Questions
490 Plays
490 Plays
490 Plays
Comments
Comments
Give Quiz Kudos
Give Quiz Kudos
-
- Ratings
hide this ad
More Info
Random Order
Randomize order of answers
Randomize order of answers
Replay
Link that replays current quiz
Next Quiz
Link to next quiz in quiz playlist
You Got
0%
They Got
Avg Score
60%
Avg Friend Score
Upgrade to see
Score Distribution
Jump to the score distribution portion of the page
Score
0/20
Timer
05:00
0
Plays Today
Hint
Answer
% Correct
US state
Alaska
88.8%
Country over 100 million people
Russia
88.2%
Metro with over 10 million people
Moscow
80.6%
African country
Tunisia
80.6%
Caribbean country
Bahamas
78.8%
Borough of New York
Bronx
77.6%
City to host the NCAA Final Four
Seattle
75.3%
US city over 100,000 people
Anchorage
72.7%
Country to host a FIFA World Cup
Sweden
72%
US city with over 1 million people
Chicago
64.5%
Hint
Answer
% Correct
Canadian territory
Nunavut
59.2%
Member of OPEC
Iran
52.9%
Ivy League school
Dartmouth
52.7%
Country with a Muslim majority
Kazakhstan
51.6%
City to host the summer Olympics
Helsinki
50.6%
Australian state
Queensland
50%
Big Ten school
Minnesota
49.2%
NBA team
Portland Trailblazers
33.7%
Wonder of the Ancient World
Temple of Artemis
13.7%
Country with absolute monarchy
Vatican City
10.2%
Quiz Playlist
Details
Report
Send in Message
Add To Playlist
More Info:
Most northern countries measured by most northern point, NBA team measured from home team arenas
Classic:
Type in answers that appear in a list
Random Order:
Randomize order of answers
Last Updated: Feb 16, 2017
Quiz Scoreboard
CHALLENGE
Sign Up to Join the Scoreboard
Show All
Scores
Hide
Comments
May contain spoilers
Recently Published
Pick 6: Fruits
by JohnFran
Miscellaneous
15s
Click the 1999 NBA Draft
by nibperrychub
Sports
2m
Alphabetical 'K' Countries by Flag Minefield
by ylime102
Geography
3m
More to Explore
Quiz From the Vault
Featured Blog Post
15 Basketball Trivia Facts You Can Be March Mad About
hide this ad
You Might Also Like...
Tags
Category
Northern
place
Today's Top Quizzes in Geography
Browse Geography
hide this ad
Today's Top Quizzes in Northern
Browse Northern
Top Contributed Quizzes in Geography
1
Countries of the World - No Outlines Minefield
2
Pick 6: Mountains
3
Lietuvos savivaldybės (Lithuanian Municipalities)
4
Alphabetical 'L' Countries By Flag Minefield
5
Least Populated Answer: 'G' Countries
6
Alphabetical 'M' Countries By Flag Minefield
7
Pick 6: National Parks
8
Pick 6: US States
9
African Flag Reveal XXXVI
10
Find the Landmarks A-Z
Explore More
Trending Topics
Crossword
Marvel
NBA
Anime
Kpop
Harry Potter
Disney
Puzzle
Pokémon
Country
Song
NFL
Soccer
The Office
WWE
hide this ad
More By:
jonesjeffum
Quiz
Plays
Rating
Category
Featured
Created
NBA Players by Face
1,633,772
4.55
Sports
Feb 17, 2011
NBA Playoffs Statistical Leaders
404,357
4.54
Sports
Apr 16, 2010
City by Landmark Photo
374,809
4.08
Geography
May 5, 2010
Sports Logo Silhouettes
302,745
4.19
Sports
Jan 24, 2013
Sightseeing in North America
275,316
3.76
Geography
May 3, 2010
Go to Creator's Profile
Score Distribution
Quiz Creator Spotlight
jonesjeffum
Follow
Send a Message
Quizzes Created
-
Created Quiz Play Count
-
More By This Creator
Popular Quizzes Today
1
Countries of Asia Without Outlines Minefield
2
Find the US States - No Outlines Minefield
3
Pick 6: Fruits
4
Alphabetical 'K' Countries by Flag Minefield
5
The Countries of the World
6
Find the US States
7
US States
8
Match the Book to the Film X
More Geography Quizzes
Flag Color Click - Hungary
Curator's Pick
Trending Quizzes
Pick 6: Mountains
Pick 6: Harry Potter
Pick 6: NFL Teams
Pick 6: Movie Franchises
Pick 6: Flags
Recently Updated
NWSL Teams
pecheneg
Women's Final Four Teams by Year
bhenderson79
Presidents Quartet II
eogle
Anything But Clue(do)
eogle
Anything But Oceanian Capitals
eogle
Anything But 7
eogle
Anything But Thing
eogle
Word Ladder: February 29
pecheneg
Song Title Questions
pecheneg
Women's NCAA Tournament #1 Seeds
pecheneg
Trending Topics
NBA
Harry Potter
Disney
Anime
Crossword
Kpop
Marvel
The Office
Pokémon
NFL
WWE
Country
Puzzle
Song
Soccer
Your Account Isn't Verified!
In order to create a playlist on Sporcle, you need to verify the email address you used during registration. Go to your
Sporcle Settings
to finish the process.
Report this User
Report this user for behavior that violates our
Community Guidelines
.
Details:
Send Report
Go to the Sporcle.com Mobile Site →
Comments